[Event "Sommerschach 2022 Vereinsspieler"]
[Site "Dortmund"]
[Date "2022.07.04"]
[Round "1.26"]
[White "Krug, Michael"]
[Black "Sutharjan, Dakxwin"]
[Result "1-0"]
[WhiteElo "1891"]
[BlackElo "1309"]
[PlyCount "71"]
[EventDate "2022.07.??"]
[EventType "tourn"]
[EventRounds "7"]
[WhiteTeam "SC Wambel"]
[BlackTeam "SF Brackel"]

1. e4 d5 2. exd5 Nf6 3. Bb5+ Bd7 4. Be2 Nxd5 5. d4 e6 6. Nf3 Nc6 7. O-O Be7 8.
c4 Nf6 9. Nc3 O-O 10. a3 a6 11. b4 b5 12. cxb5 axb5 13. Bf4 Na7 14. Ne5 Bd6 15.
Bf3 Re8 16. Qe2 Rb8 17. Rfd1 c6 18. Bg5 Be7 19. Bxf6 Bxf6 20. Ne4 Be7 21. Nc5
Bc8 22. Nxc6 Nxc6 23. Bxc6 Rf8 24. Bxb5 Qd6 25. Bc4 Bb7 26. Rac1 Qc6 27. d5
exd5 28. Bxd5 Qc7 29. Nxb7 Qf4 30. Qf3 Qxf3 31. Bxf3 Rfc8 32. Rxc8+ Rxc8 33.
Nc5 Bxc5 34. bxc5 g6 35. c6 Kg7 36. h4 1-0

[Event "Sommerschach 2022 Vereinsspieler"]
[Site "Dortmund"]
[Date "2022.07.04"]
[Round "1.27"]
[White "Möhrke, Marian Erik"]
[Black "Feldhammer, Oskar"]
[Result "0-1"]
[WhiteElo "1292"]
[BlackElo "1718"]
[PlyCount "66"]
[EventDate "2022.07.??"]
[EventType "tourn"]
[EventRounds "7"]
[WhiteTeam "Sport Union Annen"]
[BlackTeam "Bahn-SC Wuppertal"]

1. e4 c6 2. d4 d5 3. exd5 cxd5 4. Bd3 Nc6 5. c3 Nf6 6. Nf3 Bg4 7. h3 Bh5 8. Bf4
e6 9. Nbd2 Bd6 10. Bxd6 Qxd6 11. O-O O-O 12. Re1 a6 13. a4 Rab8 14. Qc2 Rfc8
15. Qb1 Bg6 16. Ne5 Bxd3 17. Qxd3 Qc7 18. f4 b5 19. axb5 axb5 20. b4 Ne7 21.
Ra3 Nf5 22. g4 Nd6 23. f5 Nfe4 24. Nb1 exf5 25. gxf5 Nxf5 26. Nd2 Nfd6 27. Nxe4
Nxe4 28. Rea1 g6 29. Ra7 Rb7 30. Ra8 Rxa8 31. Rxa8+ Kg7 32. Ra3 f6 33. Nf3 Qg3+
0-1

[Event "Sommerschach 2022 Vereinsspieler"]
[Site "Dortmund"]
[Date "2022.07.04"]
[Round "1.28"]
[White "Steinke, Hans-Jörg"]
[Black "Burban, Victor"]
[Result "1/2-1/2"]
[WhiteElo "1721"]
[BlackElo "1303"]
[PlyCount "116"]
[EventDate "2022.07.??"]
[EventType "tourn"]
[EventRounds "7"]
[WhiteTeam "SV Erkenschwick"]
[BlackTeam "SchachAkademiePaderborn"]

1. d4 Nf6 2. c4 g6 3. Nc3 Bg7 4. e4 d6 5. Nf3 O-O 6. Be2 Nbd7 7. O-O e5 8. d5
Nc5 9. Qc2 Ne8 10. b4 Nd7 11. Ne1 a5 12. bxa5 Rxa5 13. Be3 Nc5 14. Nd3 Nxd3 15.
Bxd3 f5 16. f3 f4 17. Bf2 g5 18. h3 h5 19. Be2 Nf6 20. Rfb1 b6 21. Be1 Ra8 22.
a4 g4 23. hxg4 hxg4 24. Kf1 g3 25. Bd3 Nh5 26. Ke2 Qh4 27. Kd1 Nf6 28. Qe2 Nd7
29. Nb5 Nc5 30. Nxc7 Rxa4 31. Rxa4 Nxa4 32. Rb4 Bd7 33. Bc2 Qd8 34. Na6 Nc5 35.
Nxc5 bxc5 36. Rb1 Qc7 37. Qd2 Rb8 38. Rxb8+ Qxb8 39. Bd3 Bf6 40. Kc1 Kf7 41.
Qb2 Qc7 42. Qa2 Ke7 43. Qa5 Kd8 44. Qxc7+ Kxc7 45. Kb2 Kb6 46. Ka3 Bd8 47. Bc3
Ka6 48. Bd2 Ba5 49. Bxa5 Kxa5 50. Bc2 Ba4 51. Bd3 Bd1 52. Bf1 Kb6 53. Kb2 Ka5
54. Ka3 Ba4 55. Bd3 Be8 56. Bc2 Ba4 57. Bd3 Bd1 58. Bf1 Ba4 1/2-1/2

[Event "Sommerschach 2022 Vereinsspieler"]
[Site "Dortmund"]
[Date "2022.07.04"]
[Round "1.29"]
[White "Schulz, Robin"]
[Black "Schulz, Dennis"]
[Result "0-1"]
[WhiteElo "1496"]
[BlackElo "1599"]
[PlyCount "102"]
[EventDate "2022.07.??"]
[EventType "tourn"]
[EventRounds "7"]
[WhiteTeam "SC Gerthe - Werne"]
[BlackTeam "SV Rochade Eving"]

1. d4 d5 2. Nf3 Nf6 3. e3 e6 4. Bd3 c5 5. c3 Nc6 6. Nbd2 Be7 7. b3 O-O 8. Bb2
Qc7 9. e4 dxe4 10. Nxe4 Nxe4 11. Bxe4 Qf4 12. Qd3 cxd4 13. Bxh7+ Kh8 14. O-O f5
15. Nxd4 Nxd4 16. cxd4 Kxh7 17. Rfe1 Bf6 18. Re3 Rd8 19. Rd1 Rd5 20. Qc4 Bd7
21. Bc1 Kg8 22. Rxe6 Rxd4 23. Rxd4 Qxd4 24. Qxd4 Bxd4 25. Rd6 Rc8 26. Bd2 Bc3
27. Rxd7 Bxd2 28. g3 Ba5 29. Rd5 Bb6 30. Rxf5 Rf8 31. Rxf8+ Kxf8 32. Kg2 Ke7
33. f4 Kf6 34. Kf3 g5 35. Kg4 gxf4 36. gxf4 Bd4 37. h4 b5 38. h5 a5 39. h6 Kg6
40. h7 Kxh7 41. Kf5 Kg7 42. Ke6 Kf8 43. f5 Bc3 44. Kd5 b4 45. Kc5 Bf6 46. Kd5
Kf7 47. Kd6 Bb2 48. Kd5 Kf6 49. Kc5 Kxf5 50. Kb5 Ba3 51. Kc5 Ke4 0-1

[Event "Sommerschach 2022 Vereinsspieler"]
[Site "Dortmund"]
[Date "2022.07.04"]
[Round "1.30"]
[White "Feldhaus, Thomas"]
[Black "Schwedhelm, Dennis"]
[Result "1-0"]
[WhiteElo "1690"]
[BlackElo "1227"]
[PlyCount "85"]
[EventDate "2022.07.??"]
[EventType "tourn"]
[EventRounds "7"]
[WhiteTeam "SV Recklinghausen-Süd"]
[BlackTeam "SV Erkenschwick"]

1. d4 Nf6 2. Nf3 g6 3. c4 Bg7 4. Nc3 O-O 5. e4 d6 6. Be2 Nbd7 7. O-O e5 8. Be3
Re8 9. d5 b6 10. Qc2 a5 11. a3 Bb7 12. Rfd1 Nc5 13. b4 axb4 14. axb4 Rxa1 15.
Rxa1 Na6 16. Qa4 Qa8 17. Qb5 Rc8 18. c5 bxc5 19. bxc5 dxc5 20. Qa5 Nb4 21. Bxc5
Qxa5 22. Rxa5 Nc2 23. Bd3 Nd4 24. Nxd4 exd4 25. Bxd4 Nd7 26. Bxg7 Kxg7 27. f4
Rb8 28. Kf2 Bc8 29. Ba6 Bxa6 30. Rxa6 Rb2+ 31. Kf3 Rb3 32. Rc6 Nb6 33. Ke3 Na4
34. Kd4 Nxc3 35. Rxc3 Rb2 36. Rxc7 Rxg2 37. d6 Kf6 38. e5+ Kf5 39. Rxf7+ Ke6
40. Re7+ Kf5 41. d7 Kxf4 42. Rf7+ Kg4 43. Ke3 1-0

[Event "Sommerschach 2022 Vereinsspieler"]
[Site "Dortmund"]
[Date "2022.07.04"]
[Round "1.31"]
[White "Burban, Bogdan"]
[Black "Raskin, Vitali"]
[Result "0-1"]
[WhiteElo "1222"]
[BlackElo "1680"]
[PlyCount "82"]
[EventDate "2022.07.??"]
[EventType "tourn"]
[EventRounds "7"]
[WhiteTeam "SchachAkademiePaderborn"]

1. d4 d5 2. c4 e6 3. Nc3 Nf6 4. cxd5 exd5 5. Bg5 Be7 6. e3 O-O 7. Bd3 Be6 8.
Nf3 Nbd7 9. O-O h6 10. Bh4 c5 11. Rc1 a6 12. Re1 b5 13. a3 b4 14. axb4 cxb4 15.
Na2 a5 16. h3 Ne4 17. Bxe7 Qxe7 18. Rc7 Qd6 19. Qc2 b3 20. Rxd7 Qxd7 21. Qxb3
Rab8 22. Qc2 Rfc8 23. Qe2 Qa4 24. Nc1 Qb4 25. Ne5 Qxb2 26. Qd1 Qxf2+ 27. Kh1
Rb2 28. Rg1 Qg3 29. Bxe4 dxe4 30. Qf1 f6 31. Ned3 exd3 32. Nxd3 Rbc2 33. Nf4
Bc4 34. Qb1 Bf7 35. Qf1 Qxe3 36. d5 Rc1 37. Nd3 Rxf1 38. Rxf1 Qxd3 39. Rg1 Bxd5
40. Re1 Qg3 41. Rg1 Qxh3# 0-1

[Event "Sommerschach 2022 Vereinsspieler"]
[Site "Dortmund"]
[Date "2022.07.04"]
[Round "1.32"]
[White "Koch, Burkhard"]
[Black "Nguyen, Dang Khoa"]
[Result "0-1"]
[WhiteElo "1762"]
[BlackElo "1222"]
[PlyCount "106"]
[EventDate "2022.07.??"]
[EventType "tourn"]
[EventRounds "7"]
[WhiteTeam "SG Wanne"]
[BlackTeam "SF Brackel"]

1. e4 e5 2. Nf3 Nc6 3. Bb5 Nf6 4. O-O d6 5. Re1 Bg4 6. c3 a6 7. Ba4 b5 8. Bc2
Qb8 9. d3 Be7 10. Nbd2 O-O 11. h3 Bh5 12. Nf1 Nd7 13. Ng3 Bg6 14. a3 Nb6 15. d4
Rd8 16. h4 h6 17. h5 Bh7 18. Nf5 Bf6 19. N3h4 Kh8 20. Qg4 Bxf5 21. Nxf5 Qc8 22.
d5 Ne7 23. Qf3 Nxf5 24. exf5 Nd7 25. Be3 Nf8 26. g4 Nh7 27. Qg3 Re8 28. f4 Qd8
29. Qg2 Bh4 30. Re2 exf4 31. Bxf4 Rxe2 32. Qxe2 Qd7 33. Qh2 Ng5 34. Bxg5 Bxg5
35. Re1 Re8 36. Qf2 Re5 37. Re4 Qe7 38. Qe2 Rxe4 39. Bxe4 Qe5 40. Kg2 Qf4 41.
Bd3 Qd2 42. b3 Qxc3 43. Qe8+ Kh7 44. Be4 Qd2+ 45. Kf1 Qd1+ 46. Kg2 Qxg4+ 47.
Kf1 Qd1+ 48. Kg2 Qe2+ 49. Kg1 Be3+ 50. Kh1 Qxh5+ 51. Kg2 Qg4+ 52. Kh2 Bf4+ 53.
Kh1 Qh3+ 0-1

[Event "Sommerschach 2022 Vereinsspieler"]
[Site "Dortmund"]
[Date "2022.07.04"]
[Round "1.33"]
[White "Cassel, Silas"]
[Black "Rauschenbusch, Udo"]
[Result "1/2-1/2"]
[WhiteElo "1172"]
[BlackElo "1672"]
[PlyCount "90"]
[EventDate "2022.07.??"]
[EventType "tourn"]
[EventRounds "7"]
[WhiteTeam "SF Brackel"]
[BlackTeam "FS Dortmund"]

1. Nf3 d5 2. d4 Nf6 3. Bf4 g6 4. e3 Bg7 5. Bd3 O-O 6. h3 Nbd7 7. Nbd2 c5 8. c3
b6 9. O-O Bb7 10. Re1 Ne4 11. Ng5 Nxg5 12. Bxg5 f6 13. Bh4 e5 14. dxe5 Nxe5 15.
Nf3 Nxd3 16. Qxd3 Qd7 17. e4 Rad8 18. Rad1 g5 19. Bg3 Qf7 20. e5 fxe5 21. Nxe5
Bxe5 22. Rxe5 h6 23. Rde1 Rde8 24. Qe3 Rxe5 25. Qxe5 Qf6 26. Qe6+ Rf7 27. Qxf6
Rxf6 28. Re7 Rf7 29. Rxf7 Kxf7 30. Bb8 a6 31. Ba7 d4 32. cxd4 cxd4 33. f3 Ke6
34. Bxb6 Kd5 35. Kf1 Bc6 36. g3 Bb5+ 37. Kf2 Ke5 38. f4+ gxf4 39. gxf4+ Ke4 40.
f5 d3 41. Ke1 Kxf5 42. h4 Kg4 43. Bd8 h5 44. Kd2 Kf3 45. a3 Ke4 1/2-1/2

[Event "Sommerschach 2022 Vereinsspieler"]
[Site "Dortmund"]
[Date "2022.07.04"]
[Round "1.34"]
[White "Klemm, Joachim"]
[Black "Strotmann, Dieter"]
[Result "1/2-1/2"]
[WhiteElo "1643"]
[BlackElo "1168"]
[PlyCount "106"]
[EventDate "2022.07.??"]
[EventType "tourn"]
[EventRounds "7"]
[WhiteTeam "SU Huckarde-Westerfilde"]
[BlackTeam "SVG Marten-Bövinghausen"]

1. Nc3 Nf6 2. Nf3 e6 3. d4 d5 4. Bf4 Be7 5. e3 O-O 6. Be2 Nbd7 7. O-O c5 8. h3
c4 9. Nb5 Ne8 10. a4 a6 11. Nc3 Bd6 12. Re1 Bxf4 13. exf4 Nd6 14. Ne5 Nf6 15.
Bf3 b6 16. b3 Bb7 17. bxc4 Qc7 18. Qe2 Nfe4 19. Bxe4 dxe4 20. d5 f6 21. Ng4
exd5 22. Nxd5 Qxc4 23. Nxb6 Qxe2 24. Rxe2 Rad8 25. Ne3 f5 26. Rd2 Nc8 27. Rxd8
Rxd8 28. Nxc8 Bxc8 29. Rd1 Rxd1+ 30. Nxd1 Be6 31. Ne3 g6 32. Kf1 Kf7 33. Ke2
Ke7 34. Kd2 Kd6 35. c4 a5 36. Kc3 Kc5 37. g4 Bd7 38. gxf5 gxf5 39. h4 Bxa4 40.
Nxf5 Bd7 41. Ne3 a4 42. f5 Be8 43. f6 Bf7 44. Nd5 a3 45. Ne3 a2 46. Kb2 Kd4 47.
Ka1 Ke5 48. Nd5 Bxd5 49. cxd5 Kxf6 50. Kxa2 Ke5 51. d6 Kxd6 52. Kb2 Kd5 53. Kc3
Ke5 1/2-1/2

[Event "Sommerschach 2022 Vereinsspieler"]
[Site "Dortmund"]
[Date "2022.07.04"]
[Round "1.35"]
[White "Griese, Andreas"]
[Black "Abdo, Alan"]
[Result "0-1"]
[WhiteElo "1151"]
[BlackElo "1641"]
[PlyCount "72"]
[EventDate "2022.07.??"]
[EventType "tourn"]
[EventRounds "7"]
[WhiteTeam "SC Hansa Dortmund"]
[BlackTeam "SC Listiger Bauer Essen"]

1. c4 Nf6 2. g3 g6 3. Bg2 Bg7 4. Nc3 O-O 5. e3 d6 6. Nge2 Nc6 7. O-O Bg4 8. h3
Be6 9. d3 Qd7 10. Nf4 Bf5 11. e4 Be6 12. Nxe6 fxe6 13. Be3 e5 14. Qd2 Rf7 15.
a3 Raf8 16. Rab1 Nh5 17. b4 Nd4 18. Nb5 Nf3+ 19. Bxf3 Rxf3 20. Kg2 a6 21. Nc3
Bh8 22. a4 Ng7 23. a5 h5 24. h4 Qg4 25. Nd5 Ne6 26. Nxe7+ Kh7 27. Nd5 c6 28.
Nc3 Nf4+ 29. Bxf4 exf4 30. Ne2 Be5 31. d4 fxg3 32. Nxg3 Bxg3 33. Qg5 Rxf2+ 34.
Rxf2 Rxf2+ 35. Kg1 Qxe4 36. Qxg3 Rf3 0-1

[Event "Sommerschach 2022 Vereinsspieler"]
[Site "Dortmund"]
[Date "2022.07.04"]
[Round "1.36"]
[White "Zhang, Jingfu"]
[Black "Hagelskamp, Fabio"]
[Result "1-0"]
[WhiteElo "1640"]
[BlackElo "1084"]
[PlyCount "33"]
[EventDate "2022.07.??"]
[EventType "tourn"]
[EventRounds "7"]
[WhiteTeam "SC Hansa Dortmund"]
[BlackTeam "SV Waltrop"]

1. d4 d5 2. c4 c6 3. Nf3 Bf5 4. Nc3 Nf6 5. Bg5 e6 6. Nh4 Bg6 7. Nxg6 fxg6 8. e3
Be7 9. Bd3 O-O 10. O-O Nbd7 11. Qb3 Qc7 12. h3 a6 13. e4 h6 14. Bxf6 Rxf6 15.
cxd5 exd5 16. exd5 cxd5 17. Nxd5 1-0

[Event "Sommerschach 2022 Vereinsspieler"]
[Site "Dortmund"]
[Date "2022.07.04"]
[Round "1.37"]
[White "Scholtyßek, Normann"]
[Black "Wieschermann, Axel"]
[Result "1/2-1/2"]
[WhiteElo "1540"]
[BlackElo "1630"]
[PlyCount "73"]
[EventDate "2022.07.??"]
[EventType "tourn"]
[EventRounds "7"]
[BlackTeam "SG Winz-Baak"]

1. d4 Nf6 2. c4 c5 3. d5 b5 4. cxb5 a6 5. bxa6 g6 6. Nc3 Bg7 7. e4 O-O 8. Be3
d6 9. h3 Qa5 10. Qd2 Bxa6 11. Bxa6 Nxa6 12. Nge2 Rfb8 13. O-O Qb4 14. Qd3 Qxb2
15. Rab1 Qa3 16. f4 Nb4 17. Qc4 Nd7 18. Rb3 Qa6 19. Qxa6 Rxa6 20. Rfb1 Rba8 21.
a4 Nb6 22. Bd2 h5 23. g4 hxg4 24. hxg4 Nxa4 25. Nxa4 Rxa4 26. Bxb4 Rxb4 27.
Rxb4 cxb4 28. Rxb4 Kf8 29. Kf2 Ke8 30. g5 Rc8 31. f5 Be5 32. fxg6 fxg6 33. Kf3
Kf7 34. Nd4 Rc3+ 35. Kg4 Bxd4 36. Rxd4 Rc1 37. Rb4 1/2-1/2

[Event "Sommerschach 2022 Hobbyspieler"]
[Site "Dortmund"]
[Date "2022.07.05"]
[Round "1.4"]
[White "Allen, Sabrina"]
[Black "Dziuk, Dariusz"]
[Result "0-1"]
[WhiteElo "773"]
[BlackElo "1082"]
[PlyCount "50"]
[EventDate "2022.07.??"]
[EventType "tourn"]
[EventRounds "7"]
[WhiteTeam "SV Erkenschwick"]
[BlackTeam "SV Unna"]

1. c4 e5 2. Nc3 c5 3. g3 d6 4. Bg2 Nc6 5. e3 Nf6 6. Nge2 h5 7. O-O h4 8. Rb1
hxg3 9. Nxg3 Bg4 10. f3 Bh3 11. Qe2 Qd7 12. d4 cxd4 13. exd4 Nxd4 14. Qd3 Bxg2
15. Kxg2 Qh3+ 16. Kf2 Qxh2+ 17. Ke3 Qxg3 18. Kd2 Rh2+ 19. Ne2 Rxe2+ 20. Kd1 Rf2
21. Be3 Rxf3 22. Qa3 Rxf1+ 23. Kd2 Rxb1 24. Qa4+ Nc6 25. Kd3 Re1 0-1

[Event "Sommerschach 2022 Hobbyspieler"]
[Site "Dortmund"]
[Date "2022.07.05"]
[Round "1.8"]
[White "Knöner, Horst"]
[Black "Bonn, Marcel"]
[Result "0-1"]
[WhiteElo "959"]
[BlackElo "832"]
[PlyCount "56"]
[EventDate "2022.07.??"]
[EventType "tourn"]
[EventRounds "7"]
[BlackTeam "SC Hansa Dortmund"]

1. d4 d5 2. c4 Nf6 3. Nc3 Bf5 4. Bg5 Nbd7 5. Nf3 h6 6. Bxf6 Nxf6 7. h3 e6 8. a3
a6 9. Qa4+ c6 10. e3 Be7 11. Be2 O-O 12. O-O Nd7 13. c5 Qc7 14. b4 e5 15. Nd2
Bf6 16. Nf3 e4 17. Nh4 Bxh4 18. Qc2 Rfe8 19. f3 Nf6 20. fxe4 Bxe4 21. Nxe4 Nxe4
22. Rf4 Bg5 23. Rg4 Bxe3+ 24. Kf1 Bxd4 25. Rd1 Bf6 26. Qd3 Rad8 27. Bf3 h5 28.
Rxe4 dxe4 0-1

[Event "Sommerschach 2022 Vereinsspieler"]
[Site "Dortmund"]
[Date "2022.07.05"]
[Round "2.1"]
[White "Luft, Dennis"]
[Black "Werner, Patrick"]
[Result "1-0"]
[WhiteElo "2308"]
[BlackElo "1885"]
[PlyCount "77"]
[EventDate "2022.07.??"]
[EventType "tourn"]
[EventRounds "7"]
[WhiteTeam "SF Brackel"]
[BlackTeam "SC Hansa Dortmund"]

1. e4 c6 2. d4 d5 3. exd5 cxd5 4. Bd3 Nc6 5. c3 Nf6 6. Bf4 Bg4 7. Qb3 Qd7 8.
Nd2 e6 9. Ngf3 Bd6 10. Bxd6 Qxd6 11. O-O O-O 12. Rfe1 Ne7 13. Ne5 Bf5 14. Bxf5
Nxf5 15. Qxb7 Rab8 16. Qxa7 Rxb2 17. Red1 Qb8 18. Qxb8 Rfxb8 19. Rdb1 g6 20. a4
Nd6 21. a5 Rxb1+ 22. Nxb1 Nb5 23. Nc6 Ra8 24. a6 Ne8 25. Ra5 Na7 26. Nb4 Rc8
27. Kf1 Kf8 28. Ke2 Ke7 29. Kd3 Nd6 30. Nd2 Ndb5 31. c4 dxc4+ 32. Nxc4 Rb8 33.
Ne5 Rb6 34. Kc4 Nxd4 35. Kxd4 Rxb4+ 36. Kc5 Rb1 37. Nc6+ Nxc6 38. Kxc6 Rc1+ 39.
Kb6 1-0

[Event "Sommerschach 2022 Vereinsspieler"]
[Site "Dortmund"]
[Date "2022.07.05"]
[Round "2.2"]
[White "Kasapchuk, Oleksandr"]
[Black "Radulovic, Drazen"]
[Result "1-0"]
[WhiteElo "1581"]
[BlackElo "2184"]
[PlyCount "97"]
[EventDate "2022.07.??"]
[EventType "tourn"]
[EventRounds "7"]
[WhiteTeam "SF Brackel"]

1. e4 d6 2. d4 e5 3. Nf3 Nd7 4. Bc4 Be7 5. dxe5 Nxe5 6. Nxe5 dxe5 7. Qh5 g6 8.
Qxe5 Nf6 9. Bh6 Qd6 10. Qxd6 cxd6 11. Nc3 Be6 12. Bb5+ Nd7 13. O-O-O O-O-O 14.
Bxd7+ Rxd7 15. Bf4 b6 16. Kb1 Kb7 17. Rd2 f5 18. Rhd1 Rhd8 19. exf5 Bxf5 20.
Nd5 Bf8 21. f3 Rf7 22. Re1 Rc8 23. g3 Bd7 24. Nc3 Bc6 25. Rd3 Rd8 26. Red1 Re8
27. a3 Re6 28. Bxd6 Bxd6 29. Rxd6 Rxd6 30. Rxd6 Bxf3 31. b3 Bc6 32. Re6 Kc7 33.
Ne2 Kd7 34. Nd4 Bd5 35. Re2 a6 36. Kb2 Rf1 37. Rd2 Bb7 38. Nf3+ Ke7 39. Ne5 Ke6
40. Nd7 h5 41. Nxb6 g5 42. Nc4 h4 43. Rd6+ Ke7 44. gxh4 g4 45. Rg6 Bf3 46. Ne3
Rg1 47. h3 Kf7 48. Rg5 g3 49. Rf5+ 1-0

[Event "Sommerschach 2022 Vereinsspieler"]
[Site "Dortmund"]
[Date "2022.07.05"]
[Round "2.4"]
[White "Arakelian, Aik"]
[Black "Echargui, Amin"]
[Result "1-0"]
[WhiteElo "2015"]
[BlackElo "1751"]
[PlyCount "53"]
[EventDate "2022.07.??"]
[EventType "tourn"]
[EventRounds "7"]
[WhiteTeam "SG Ennepe-Ruhr-Süd"]
[BlackTeam "SG Mengede"]

1. e4 e5 2. Bc4 Nc6 3. Nf3 Bc5 4. c3 Nf6 5. d4 exd4 6. O-O Nxe4 7. cxd4 d5 8.
Bb5 Bb6 9. Ne5 Bd7 10. Nxd7 Qxd7 11. f3 Nd6 12. Re1+ Kd8 13. Bxc6 Qxc6 14. Nc3
Nf5 15. Be3 Qc4 16. Bf2 c6 17. Ne2 Re8 18. b3 Qb4 19. g4 Ne3 20. Qd3 Qb5 21.
Qd2 Nxg4 22. fxg4 Re4 23. Nc3 Rxg4+ 24. Kh1 Ba5 25. Qe3 Bxc3 26. Qxc3 Kd7 27.
Qf3 1-0

[Event "Sommerschach 2022 Vereinsspieler"]
[Site "Dortmund"]
[Date "2022.07.05"]
[Round "2.5"]
[White "Ropel, Dennis"]
[Black "Dahlbeck, Mirko"]
[Result "1/2-1/2"]
[WhiteElo "1725"]
[BlackElo "2060"]
[PlyCount "82"]
[EventDate "2022.07.??"]
[EventType "tourn"]
[EventRounds "7"]
[WhiteTeam "SG Mengede"]
[BlackTeam "Sport Union Annen"]

1. d4 d5 2. Nf3 Nf6 3. Bf4 c5 4. e3 Qb6 5. b3 Bg4 6. Be2 e6 7. O-O Nc6 8. c3
Be7 9. Nbd2 O-O 10. dxc5 Bxc5 11. c4 Rfd8 12. cxd5 exd5 13. a3 a5 14. Qc2 d4
15. Nc4 Qa7 16. exd4 Nxd4 17. Nxd4 Bxd4 18. Rad1 Rac8 19. Be3 b5 20. Bxd4 Rxd4
21. Bxg4 Nxg4 22. Qf5 Rcd8 23. Qxg4 bxc4 24. bxc4 Qc5 25. Rxd4 Rxd4 26. Qf3 g6
27. Rc1 Rxc4 28. Rxc4 Qxc4 29. g3 a4 30. Qe3 h5 31. h4 Qb3 32. Qc5 Qd1+ 33. Kg2
Kg7 34. Qe7 Qd5+ 35. Kf1 Qc4+ 36. Kg2 Kh6 37. Qf6 Kh7 38. Qe7 Kg7 39. Kg1 Kg8
40. Qe8+ Kg7 41. Qe7 Qc1+ 1/2-1/2

[Event "Sommerschach 2022 Vereinsspieler"]
[Site "Dortmund"]
[Date "2022.07.05"]
[Round "2.6"]
[White "Peters, Michael"]
[Black "Krug, Michael"]
[Result "1/2-1/2"]
[WhiteElo "1987"]
[BlackElo "1891"]
[PlyCount "51"]
[EventDate "2022.07.??"]
[EventType "tourn"]
[EventRounds "7"]
[WhiteTeam "Bochumer SV"]
[BlackTeam "SC Wambel"]

1. d4 Nf6 2. c4 e6 3. Nc3 d5 4. Bf4 c6 5. e3 Bd6 6. Bxd6 Qxd6 7. c5 Qc7 8. f4
b6 9. b4 a5 10. a3 axb4 11. axb4 Rxa1 12. Qxa1 bxc5 13. bxc5 Ng4 14. Nd1 Qb7
15. Qa3 Na6 16. Bxa6 Qxa6 17. Qxa6 Bxa6 18. Nf3 f6 19. Kd2 Kd7 20. Nc3 Rb8 21.
Rb1 Rxb1 22. Nxb1 Bf1 23. g3 Bg2 24. Ng1 Nxh2 25. Ke2 Ng4 26. Nc3 1/2-1/2

[Event "Sommerschach 2022 Vereinsspieler"]
[Site "Dortmund"]
[Date "2022.07.05"]
[Round "2.7"]
[White "Feldhammer, Oskar"]
[Black "Mann, Gergely"]
[Result "1/2-1/2"]
[WhiteElo "1718"]
[BlackElo "1653"]
[PlyCount "67"]
[EventDate "2022.07.??"]
[EventType "tourn"]
[EventRounds "7"]
[WhiteTeam "Bahn-SC Wuppertal"]
[BlackTeam "SF Essen-Werden"]

1. d4 Nf6 2. c4 e6 3. Nc3 Bb4 4. e3 O-O 5. Bd2 b6 6. a3 Bxc3 7. Bxc3 Ne4 8. Rc1
Bb7 9. Nf3 d6 10. Bd3 f5 11. O-O Rf6 12. d5 Nxc3 13. Rxc3 exd5 14. cxd5 Bxd5
15. Bc4 Bxc4 16. Rxc4 d5 17. Qd3 Nc6 18. Rc2 Qd7 19. Rfc1 a6 20. Qc3 Rc8 21.
Qd3 Nb8 22. Ne5 Qd6 23. Nc6 Rf7 24. Nxb8 Rxb8 25. Qxa6 f4 26. Qe2 c5 27. Rd2
fxe3 28. fxe3 Rd8 29. Rf1 Rxf1+ 30. Qxf1 Qe5 31. Qf4 Qxf4 32. exf4 Kf7 33. Kf2
Rd6 34. g3 1/2-1/2

[Event "Sommerschach 2022 Vereinsspieler"]
[Site "Dortmund"]
[Date "2022.07.05"]
[Round "2.8"]
[White "Kruse, Victor"]
[Black "Feldhaus, Thomas"]
[Result "1-0"]
[WhiteElo "1733"]
[BlackElo "1690"]
[PlyCount "97"]
[EventDate "2022.07.??"]
[EventType "tourn"]
[EventRounds "7"]
[WhiteTeam "SK Köln-Südwest"]
[BlackTeam "SV Recklinghausen-Süd"]

1. d4 e6 2. c4 d5 3. Nf3 Nf6 4. Nc3 Be7 5. Bf4 O-O 6. e3 c5 7. dxc5 Bxc5 8. Qc2
Nc6 9. a3 Qa5 10. Rd1 Be7 11. Be2 Ne4 12. O-O Nxc3 13. bxc3 dxc4 14. Bxc4 Bf6
15. Bd6 Rd8 16. Bb4 Qc7 17. Qa4 Bd7 18. Bd6 Qa5 19. Bb3 Qxa4 20. Bxa4 Rac8 21.
c4 Na5 22. Bxd7 Rxd7 23. c5 Nc4 24. e4 Nxd6 25. cxd6 e5 26. Rd5 Kf8 27. g4 Rc3
28. Kg2 g6 29. g5 Bg7 30. Rfd1 f6 31. gxf6 Bxf6 32. Nxe5 Bxe5 33. Rxe5 Rc6 34.
Red5 Kf7 35. f4 Ke6 36. e5 Rc3 37. R5d3 Rc2+ 38. Kg3 Rc5 39. h4 h6 40. Kg4 Rc4
41. Kf3 Kf5 42. Rd4 Rc3+ 43. R1d3 Rc1 44. Re3 Ke6 45. h5 Rg1 46. hxg6 Rxg6 47.
Ke4 Rg4 48. Rh3 Rf7 49. Rxh6+ 1-0

[Event "Sommerschach 2022 Vereinsspieler"]
[Site "Dortmund"]
[Date "2022.07.05"]
[Round "2.9"]
[White "Schulz, Dennis"]
[Black "Morawietz, Manuel"]
[Result "0-1"]
[WhiteElo "1599"]
[BlackElo "1928"]
[PlyCount "78"]
[EventDate "2022.07.??"]
[EventType "tourn"]
[EventRounds "7"]
[WhiteTeam "SV Rochade Eving"]
[BlackTeam "SV Unna"]

1. d4 e6 2. Nf3 d5 3. g3 Nf6 4. Bg2 Be7 5. c4 O-O 6. O-O c6 7. Qc2 Nbd7 8. Nbd2
b6 9. Ne5 Bb7 10. Ndf3 c5 11. Rd1 cxd4 12. Nxd7 Qxd7 13. Nxd4 Rac8 14. b3 Ba6
15. Nf3 b5 16. Ne5 Qc7 17. Bf4 Bd6 18. Qb2 bxc4 19. bxc4 g5 20. c5 Qb8 21. Rab1
Qxb2 22. Rxb2 Bc7 23. Nc6 gxf4 24. Ne7+ Kg7 25. Nxc8 Rxc8 26. gxf4 Bxf4 27. e3
Be5 28. Rc2 Bb5 29. f4 Bc7 30. Rb2 a6 31. Rd4 Ng4 32. a4 Bc4 33. e4 Bxf4 34.
Rxc4 dxc4 35. Bh3 Ne5 36. Rb7 Kf6 37. Rb1 Rxc5 38. Rf1 Nd3 39. Rf3 Ke5 0-1

[Event "Sommerschach 2022 Vereinsspieler"]
[Site "Dortmund"]
[Date "2022.07.05"]
[Round "2.10"]
[White "Raskin, Vitali"]
[Black "Melmer, Felix"]
[Result "0-1"]
[WhiteElo "1680"]
[BlackElo "2031"]
[PlyCount "92"]
[EventDate "2022.07.??"]
[EventType "tourn"]
[EventRounds "7"]

1. e4 c5 2. Nf3 Nc6 3. Bb5 g6 4. c3 e5 5. Bxc6 dxc6 6. Nxe5 Qg5 7. d4 Qxg2 8.
Qf3 Qxf3 9. Nxf3 Nf6 10. e5 Nd5 11. O-O Bg4 12. Ng5 h6 13. Ne4 cxd4 14. cxd4
O-O-O 15. Nbc3 Nb4 16. Be3 Nc2 17. Rac1 Nxd4 18. Bxd4 Rxd4 19. f3 Bh3 20. Rfd1
Rxd1+ 21. Rxd1 Kc7 22. Kf2 Be7 23. Kg3 Be6 24. a3 h5 25. h4 a5 26. Ng5 Bxg5 27.
hxg5 Rd8 28. Rxd8 Kxd8 29. Ne4 Kc7 30. Nd6 c5 31. f4 Kc6 32. Kh4 b5 33. f5 gxf5
34. Kxh5 f4 35. g6 fxg6+ 36. Kxg6 f3 37. Ne4 Kd5 38. Nf2 Kxe5 39. Kg5 c4 40.
Nd1 b4 41. axb4 axb4 42. Kh4 Kf4 43. Nf2 Bf5 44. Nd1 Bc2 45. Nf2 c3 46. bxc3 b3
0-1

[Event "Sommerschach 2022 Vereinsspieler"]
[Site "Dortmund"]
[Date "2022.07.05"]
[Round "2.11"]
[White "Abdo, Alan"]
[Black "Schmidt, Ralph"]
[Result "0-1"]
[WhiteElo "1641"]
[BlackElo "1960"]
[PlyCount "116"]
[EventDate "2022.07.??"]
[EventType "tourn"]
[EventRounds "7"]
[WhiteTeam "SC Listiger Bauer Essen"]
[BlackTeam "SV Bochum-Linden"]

1. e4 e5 2. d3 Bc5 3. g3 d6 4. Bg2 Ne7 5. Nf3 O-O 6. h3 Nd7 7. O-O f5 8. Ng5
Nf6 9. c3 h6 10. Qb3+ d5 11. exd5 Nexd5 12. Ne4 fxe4 13. dxe4 Be6 14. exd5 Bxd5
15. Bxd5+ Qxd5 16. Nd2 Qxb3 17. Nxb3 Bb6 18. Kg2 Rad8 19. c4 Ne4 20. f3 Nc5 21.
Nxc5 Bxc5 22. Re1 Bd4 23. Rb1 a5 24. Be3 Bxe3 25. Rxe3 Rd2+ 26. Kg1 Rc2 27. b3
Rxa2 28. Rd1 a4 29. bxa4 Rxa4 30. Rc3 Ra2 31. Rd7 b6 32. Rcd3 Rc2 33. Rxc7 Ra8
34. Rd1 Ra3 35. Rf1 Raa2 36. Re1 Rg2+ 37. Kh1 Rxg3 38. Rxe5 Rxh3+ 39. Kg1 Rg3+
40. Kh1 Rxf3 41. Re1 Rc3 42. Rc6 Rac2 43. Rxb6 Rxc4 44. Re8+ Kf7 45. Ra8 Re4
46. Ra7+ Re7 47. Ra1 Rf2 48. Kg1 Rf6 49. Rb4 g5 50. Kg2 Kg6 51. Rb8 h5 52. Rb5
Ref7 53. Raa5 Rf2+ 54. Kg1 Rf1+ 55. Kg2 R7f2+ 56. Kg3 h4+ 57. Kg4 Rg1+ 58. Kh3
Rg3# 0-1